[Event "Superettan(Upsala-Burgsvik)"]
[Site "?"]
[Date "2019.03.29"]
[Round "7"]
[White "Svensson, Mans"]
[Black "Akerman, Axel"]
[Result "0-1"]
[WhiteElo "2147"]
[BlackElo "2157"]
[PlyCount "110"]
1. d4 d5 2. c4 e5 3. dxe5 d4 4. Nf3 Nc6 5. a3 Nge7 6. b4 Ng6 7. Bb2 Ngxe5 8.
Nxe5 Nxe5 9. Bxd4 Nxc4 10. e3 Nd6 11. Qc2 Bf5 12. Qb2 f6 13. Nd2 Be7 14. Be2
O-O 15. O-O Qe8 16. Rac1 c6 17. Nb3 b6 18. Bf3 Rc8 19. Rfd1 Be6 20. Be2 Bd5 21.
Nd2 Kh8 22. Qc2 Be6 23. Qa4 Rc7 24. Bf3 Bd7 25. Qb3 Nf5 26. Bb2 c5 27. Qd3 Nh4
28. Bd5 Ba4 29. Re1 Rd7 30. bxc5 Nxg2 31. c6 Rxd5 32. Qxd5 Nxe1 33. Rxe1 Bxc6
34. Qf5 Qd8 35. Nf1 g6 36. Qe6 Qd5 37. Qxd5 Bxd5 38. e4 Be6 39. Rc1 Rc8 40.
Rxc8+ Bxc8 41. Ne3 Be6 42. Kg2 Kg7 43. f4 Bc5 44. Kf3 Kf7 45. Ke2 f5 46. exf5
Bxf5 47. Kf3 Bd7 48. Nc4 Bb5 49. Ne5+ Ke6 50. Ke4 Ba6 51. Kf3 Kf5 52. h4 Bb7+
53. Kg3 Be3 54. Ng4 Bxf4+ 55. Kh3 Bg2+ 0-1

[Event "Superettan(Rockaden,Sthlm II-Manhem)"]
[Site "?"]
[Date "2019.03.29"]
[Round "7"]
[White "Olsen, Filip Boe"]
[Black "Bjerre, Jonas Buhl"]
[Result "1/2-1/2"]
[WhiteElo "2359"]
[BlackElo "2422"]
[PlyCount "110"]
[EventDate "2019.??.??"]
1. d4 Nf6 2. c4 e6 3. Nc3 Bb4 4. Qc2 O-O 5. Nf3 d6 6. Bd2 b6 7. a3 Bxc3 8. Bxc3
Bb7 9. e3 Ne4 10. Bd3 f5 11. O-O-O Nxc3 12. Qxc3 Nd7 13. Qc2 Qf6 14. Rhe1 c5
15. d5 exd5 16. cxd5 c4 17. Bf1 Rac8 18. Nd4 Bxd5 19. Nb5 Be4 20. Qc3 Nc5 21.
Rxd6 Qe7 22. Bxc4+ Kh8 23. Rd4 Nb7 24. Nxa7 Ra8 25. f3 Rxa7 26. fxe4 Rc8 27.
Red1 b5 28. Rd7 Qf8 29. Rf7 Qg8 30. Rxb7 Rxc4 31. Rxa7 Rxc3+ 32. bxc3 h5 33.
exf5 Qc4 34. Rd8+ Kh7 35. Kd2 Qa2+ 36. Ke1 Qb1+ 37. Ke2 Qxf5 38. h3 Qg5 39.
Rdd7 Qxg2+ 40. Kd3 Qf1+ 41. Ke4 Qc4+ 42. Kf5 Qf1+ 43. Ke5 Qf6+ 44. Kd5 Qf5+ 45.
Kc6 Qe6+ 46. Kc5 Qxe3+ 47. Kxb5 Qxc3 48. Rxg7+ Kh6 49. Rge7 Qb3+ 50. Kc6 Qc4+
51. Kd6 Qd4+ 52. Ke6 Qe4+ 53. Kd6 Qd4+ 54. Kc6 Qc4+ 55. Kd6 Qd4+ 1/2-1/2

[Event "Superettan(Vaxjo-Kristallen)"]
[Site "?"]
[Date "2019.03.29"]
[Round "7"]
[White "Walinder, Lars"]
[Black "Solodovnichenko, Yuri"]
[Result "0-1"]
[WhiteElo "2258"]
[BlackElo "2574"]
[PlyCount "154"]
[SourceDate "2019.04.10"]
1. c4 e5 2. Nc3 Nf6 3. Nf3 Nc6 4. e3 Bb4 5. Qc2 O-O 6. Nd5 h6 7. a3 Be7 8. Bd3
d6 9. h3 Be6 10. Nxe7+ Qxe7 11. b4 d5 12. cxd5 Bxd5 13. e4 Nd4 14. Nxd4 exd4
15. O-O Bxe4 16. Bb2 Bxd3 17. Qxd3 Rad8 18. Rfe1 Qd7 19. Rac1 Rfe8 20. Rxe8+
Qxe8 21. Qc4 Qe4 22. Qxc7 Rd7 23. Qc4 Kh7 24. f3 Qg6 25. Bxd4 b5 26. Qc5 Nd5
27. Qc2 Nf4 28. Be3 Ne2+ 29. Kf2 Nxc1 30. Qxc1 Qd6 31. Qc2+ Kg8 32. Qe4 a6 33.
Qe8+ Kh7 34. Qe4+ Qg6 35. Qe5 Rd3 36. Qb2 Qe6 37. Ke2 Rb3 38. Qc2+ Kg8 39. Kf2
Rxa3 40. Qc7 Rd3 41. Qb8+ Kh7 42. Qa7 Rd5 43. Qb7 f6 44. Qc7 Qd7 45. Qc2+ Kh8
46. Ke2 Qd6 47. Qc8+ Kh7 48. Qc2+ f5 49. Qa2 Re5 50. Qb1 Kh8 51. Kf2 Qd5 52.
Qb2 Re6 53. Qc2 Rc6 54. Qb2 Rc4 55. g3 Rc6 56. h4 Kg8 57. Qb1 Kf7 58. Qb2 Kg8
59. Qb1 Rc4 60. Ke2 Kh8 61. Kf2 Rc8 62. Qa1 Rc6 63. Qb1 Rc4 64. Ke2 Qd6 65. Kf2
Rxb4 66. Qxf5 Rc4 67. h5 Rc6 68. Qf7 Rc8 69. Qa7 Rd8 70. Kg2 b4 71. Bf4 Qe6 72.
Qc7 Re8 73. Qb7 b3 74. d4 Qe2+ 75. Kh3 b2 76. Be5 Rxe5 77. dxe5 Qf1+ 0-1

[Event "Superettan(Rockaden,Sthlm II-Manhem)"]
[Site "?"]
[Date "2019.03.29"]
[Round "7"]
[White "Berovski, Krum"]
[Black "Welin, Mats"]
[Result "1/2-1/2"]
[WhiteElo "2346"]
[BlackElo "2328"]
[PlyCount "119"]
1. d4 Nf6 2. c4 e6 3. Nc3 Bb4 4. e3 O-O 5. Nge2 d5 6. a3 Be7 7. Ng3 c5 8. dxc5
Bxc5 9. b4 Bd6 10. Bb2 Nc6 11. Be2 dxc4 12. Bxc4 a6 13. O-O b5 14. Be2 Bb7 15.
Qb3 Rc8 16. Rfd1 Qe7 17. Bf3 Bxg3 18. hxg3 Ne5 19. Bxb7 Qxb7 20. Nd5 Nxd5 21.
Bxe5 Rc4 22. Qd3 Qc6 23. Rd2 h6 24. e4 Nc3 25. f3 Rc8 26. g4 a5 27. Kh2 f6 28.
Bxc3 Rxc3 29. Qd6 a4 30. e5 fxe5 31. Qxe5 Qc7 32. Re2 Kf7 33. f4 Qxe5 34. Rxe5
Rb8 35. f5 exf5 36. gxf5 Rb7 37. Rd5 h5 38. g3 Kf6 39. Kh3 Rf3 40. Kh4 Rxf5 41.
Rxf5+ Kxf5 42. Kxh5 g6+ 43. Kh6 g5 44. Rc1 Kg4 45. Rc5 Rb6+ 46. Kg7 Rb7+ 47.
Kf6 Rb6+ 48. Ke7 Rh6 49. Rxb5 Rh3 50. Kf6 Kxg3 51. Rxg5+ Kf4 52. Ra5 Rxa3 53.
Ke6 Ke4 54. b5 Kd3 55. Kd5 Rb3 56. Kc6 Rc3+ 57. Kb7 a3 58. b6 Kc2 59. Ka7 Rb3
60. b7 1/2-1/2

[Event "Superettan(Vaxjo-Kristallen)"]
[Site "?"]
[Date "2019.03.29"]
[Round "7"]
[White "Bromann, Thorbjorn"]
[Black "Lindh, Fredrik"]
[Result "1-0"]
[WhiteElo "2390"]
[BlackElo "2244"]
[PlyCount "119"]
1. d4 Nf6 2. Bg5 Ne4 3. Bf4 d5 4. e3 c5 5. Bd3 Nf6 6. c3 Nc6 7. Nd2 e6 8. Ngf3
cxd4 9. exd4 Nh5 10. Bg5 Be7 11. Bxe7 Qxe7 12. O-O O-O 13. Re1 Bd7 14. a4 Nf4
15. Bf1 Rae8 16. a5 Qd6 17. Nb3 Bc8 18. Ne5 f6 19. Nxc6 bxc6 20. g3 Ng6 21. Nc5
e5 22. b4 e4 23. f4 Ne7 24. b5 cxb5 25. Bxb5 Rd8 26. Bf1 g5 27. fxg5 fxg5 28.
Bg2 g4 29. Qb3 Kh8 30. c4 Nf5 31. cxd5 Nxd4 32. Qc3 Qf6 33. Nxe4 Nf3+ 34. Bxf3
Qxc3 35. Nxc3 gxf3 36. Kf2 Bb7 37. Rad1 Rc8 38. Re3 Rc5 39. d6 Bc6 40. a6 Rd8
41. Rd2 Rh5 42. h4 Rh6 43. d7 Kg7 44. Re5 Kf7 45. Rf5+ Ke7 46. Nd5+ Ke6 47. g4
Rxd7 48. Nf4+ Ke7 49. Re5+ Kd8 50. Rc2 Rdd6 51. h5 Rhf6 52. Kg3 h6 53. g5 hxg5
54. Rxg5 Rd4 55. Rf5 Rxf5 56. Ne6+ Kd7 57. Nxd4 Rg5+ 58. Kh4 Rg2 59. Rxc6 Rd2
60. Nxf3 1-0

[Event "Superettan(Rockaden,Sthlm II-Burgsvik)"]
[Site "?"]
[Date "2019.03.10"]
[Round "5"]
[White "Krupenski, Juri"]
[Black "Bryntze, Stefan"]
[Result "1-0"]
[WhiteElo "2418"]
[BlackElo "2211"]
[PlyCount "111"]
1. d4 e6 2. c4 b6 3. a3 Bb7 4. Nc3 f5 5. d5 Nf6 6. g3 Be7 7. Bg2 O-O 8. Nh3 e5
9. O-O d6 10. Ng5 Bc8 11. b4 a5 12. Rb1 axb4 13. axb4 Na6 14. Ne6 Bxe6 15. dxe6
e4 16. f3 d5 17. Nxd5 Nxd5 18. cxd5 exf3 19. Bxf3 Nxb4 20. d6 Qxd6 21. Qxd6
Bxd6 22. Bxa8 Rxa8 23. Rxf5 Re8 24. Bf4 Bc5+ 25. Kh1 c6 26. Ra1 h6 27. Be5 Rxe6
28. h4 Nd5 29. Ra8+ Kh7 30. Ba1 Rxe2 31. Rf7 Kg6 32. Rxg7+ Kf5 33. Ra4 b5 34.
g4+ Ke6 35. Ra8 Re1+ 36. Kg2 Nf4+ 37. Kf3 Rf1+ 38. Ke4 Nd5 39. Re8+ Be7 40. Bd4
Kd6 41. Be5+ Ke6 42. Bd4 Kd6 43. Rg6+ Kd7 44. Ra8 Rf4+ 45. Ke5 Bf6+ 46. Rxf6
Rxf6 47. Ra7+ Ke8 48. g5 hxg5 49. hxg5 Rf1 50. g6 Kf8 51. Kd6 Kg8 52. Rg7+ Kf8
53. Rh7 Nf6 54. Rf7+ Kg8 55. Rxf6 Rd1 56. Rf4 1-0

[Event "Superettan(Rockaden,Sthlm II-Burgsvik)"]
[Site "?"]
[Date "2019.03.10"]
[Round "5"]
[White "Berovski, Krum"]
[Black "Persson, Mats"]
[Result "1/2-1/2"]
[WhiteElo "2346"]
[BlackElo "2283"]
[PlyCount "43"]
1. d4 Nf6 2. c4 e6 3. Nc3 Bb4 4. e3 b6 5. Bd3 Bb7 6. Nge2 O-O 7. a3 Bxc3+ 8.
Nxc3 d5 9. O-O dxc4 10. Bxc4 Nbd7 11. b4 c5 12. bxc5 bxc5 13. Rb1 cxd4 14. Qxd4
Nb6 15. Ba2 Qxd4 16. exd4 Ba6 17. Rd1 Nfd5 18. Nxd5 Nxd5 19. Bxd5 exd5 20. Bf4
Rfe8 21. Bd6 Bc4 22. Re1 1/2-1/2

[Event "Superettan(Rockaden,Sthlm II-Burgsvik)"]
[Site "?"]
[Date "2019.03.10"]
[Round "5"]
[White "Andersson, Tommy"]
[Black "Tuomainen, Felix"]
[Result "1/2-1/2"]
[WhiteElo "2407"]
[BlackElo "2194"]
[PlyCount "83"]
1. d4 d5 2. c4 e6 3. Nf3 Nf6 4. Nc3 dxc4 5. e3 a6 6. a4 b6 7. Bxc4 Bb7 8. O-O
Bb4 9. Ne5 O-O 10. Qe2 Nbd7 11. Nd3 a5 12. Bd2 Qe7 13. f4 Ne4 14. Nxe4 Bxe4 15.
Bxb4 axb4 16. Nf2 Bd5 17. Rfd1 Nf6 18. e4 Bxc4 19. Qxc4 c5 20. b3 Rac8 21. Rac1
Rfd8 22. Qb5 Qa7 23. dxc5 Rxd1+ 24. Rxd1 bxc5 25. g4 h5 26. g5 Ng4 27. Rd7 Qa8
28. Qd3 Nxf2 29. Kxf2 g6 30. Kf3 c4 31. bxc4 Qxa4 32. f5 exf5 33. Qd5 Qa3+ 34.
Kf4 Qc1+ 35. Ke5 Re8+ 36. Kf6 Re6+ 37. Qxe6 fxe6 38. Rd8+ Kh7 39. Rd7+ Kg8 40.
Rd8+ Kh7 41. Rd7+ Kg8 42. Rd8+ 1/2-1/2

[Event "Superettan(Rockaden,Sthlm II-Burgsvik)"]
[Site "?"]
[Date "2019.03.10"]
[Round "5"]
[White "Zadruzny, Nicolaj"]
[Black "Haitin, Ilja"]
[Result "1/2-1/2"]
[WhiteElo "2283"]
[BlackElo "2294"]
[PlyCount "104"]
1. e4 e6 2. d4 d5 3. Nd2 Nf6 4. e5 Nfd7 5. Bd3 c5 6. c3 Nc6 7. Ne2 cxd4 8. cxd4
f6 9. exf6 Qxf6 10. Nf3 h6 11. Bf4 Bb4+ 12. Kf1 O-O 13. a3 Be7 14. Bc2 e5 15.
dxe5 Ndxe5 16. Nxe5 Nxe5 17. Qxd5+ Nf7 18. Qd4 Be6 19. Qxf6 Bxf6 20. Nc3 Rac8
21. Rc1 Rfd8 22. Ke2 Bc4+ 23. Kf3 Bxc3 24. bxc3 Bd5+ 25. Be4 Bxe4+ 26. Kxe4
Rc4+ 27. Ke3 Rdc8 28. Rhd1 Rxc3+ 29. Rxc3 Rxc3+ 30. Rd3 Rc4 31. h4 g5 32. hxg5
hxg5 33. Bb8 Ra4 34. Rb3 Kg7 35. Rxb7 Rxa3+ 36. Ke4 Kg6 37. Rxa7 Rxa7 38. Bxa7
Nd6+ 39. Ke5 Nf7+ 40. Ke6 Nd8+ 41. Kd7 Nf7 42. Bd4 Nh6 43. Ke6 Nf5 44. Ke5 g4
45. Bc3 Nh4 46. Kf4 Kh5 47. Kg3 Nf5+ 48. Kh2 g3+ 49. fxg3 Kg4 50. Be5 Ne7 51.
Kg1 Nf5 52. Kf2 Ne7 1/2-1/2

[Event "Superettan(Rockaden,Sthlm II-Burgsvik)"]
[Site "?"]
[Date "2019.03.10"]
[Round "5"]
[White "Larsson, Victor"]
[Black "Eriksson, Dan"]
[Result "0-1"]
[WhiteElo "2201"]
[BlackElo "2161"]
[PlyCount "108"]
1. d4 Nf6 2. Nf3 e6 3. Bf4 c5 4. e3 Nc6 5. c3 cxd4 6. exd4 Be7 7. Bd3 b6 8. O-O
Bb7 9. Re1 d6 10. h3 O-O 11. Na3 Qd7 12. Qe2 Rfe8 13. Rad1 Rad8 14. Nc4 Qc8 15.
Ne3 Nb8 16. c4 Nbd7 17. Bh2 Qa8 18. Nd2 d5 19. a3 dxc4 20. Ndxc4 Nd5 21. Ng4
N5f6 22. Nge3 Nf8 23. Ne5 Ng6 24. Bb5 Rf8 25. f3 Nxe5 26. Bxe5 Nd5 27. Ng4 Bg5
28. Qf2 h5 29. h4 Bf4 30. Bxf4 hxg4 31. fxg4 Nxf4 32. Qxf4 Bxg2 33. Re3 Bh1 34.
Bf1 Rc8 35. Rd2 Rc1 36. g5 Rfc8 37. Rh2 R8c2 38. Rxc2 Rxc2 39. Rg3 Rxb2 40. h5
Be4 41. Qe5 Qd5 42. Qb8+ Kh7 43. g6+ fxg6 44. hxg6+ Bxg6 45. Rh3+ Bh5 46. Bd3+
g6 47. Bxg6+ Kg7 48. Qc7+ Kxg6 49. Rg3+ Kf5 50. Qh7+ Kf4 51. Qd3 Rb1+ 52. Qxb1
Kxg3 53. Qe1+ Kf4 54. Qc3 Ke4 0-1

[Event "Superettan(Rockaden,Sthlm II-Burgsvik)"]
[Site "?"]
[Date "2019.03.10"]
[Round "5"]
[White "Crevatin, Leo"]
[Black "Akerman, Axel"]
[Result "0-1"]
[WhiteElo "2157"]
[BlackElo "2157"]
[PlyCount "48"]
1. d4 d5 2. c4 e5 3. dxe5 d4 4. Nf3 Nc6 5. a3 Nge7 6. e3 Nf5 7. Bd3 dxe3 8.
fxe3 Nh4 9. Be2 Nxf3+ 10. Bxf3 Qxd1+ 11. Kxd1 Nxe5 12. b3 Be7 13. Ke2 Bf6 14.
Bb2 Bf5 15. e4 Be6 16. Nc3 c6 17. Rad1 b5 18. cxb5 Bxb3 19. Ra1 O-O-O 20. Nd1
Bc4+ 21. Ke3 Rd3+ 22. Kf2 Bh4+ 23. g3 Rd2+ 24. Ke3 Bg5# 0-1

[Event "Superettan(Rockaden,Sthlm II-Burgsvik)"]
[Site "?"]
[Date "2019.03.10"]
[Round "5"]
[White "Linusson, Pelle"]
[Black "Alarik, Martin"]
[Result "1/2-1/2"]
[WhiteElo "2216"]
[BlackElo "2052"]
[PlyCount "134"]
1. Nf3 Nf6 2. c4 e6 3. g3 d5 4. Bg2 Be7 5. O-O O-O 6. b3 b6 7. Bb2 Bb7 8. e3
Nbd7 9. d4 c5 10. Ne5 cxd4 11. Qxd4 Nxe5 12. Qxe5 Ne8 13. Qf4 Bf6 14. Bxf6 Nxf6
15. Nc3 Qe7 16. cxd5 Nxd5 17. Nxd5 Bxd5 18. Bxd5 exd5 19. Rfd1 Rfd8 20. Rd2 Rd7
21. Rad1 Rad8 22. Qd4 g6 23. Qa4 Kg7 24. Rd4 f5 25. Qb5 Qc5 26. Qd3 Kf6 27. g4
fxg4 28. Rxg4 Qe7 29. Rd4 Qe5 30. Qe2 Rd6 31. Qf3+ Kg7 32. Qg4 Rf6 33. Qg3
Qxg3+ 34. hxg3 Rfd6 35. e4 Kf6 36. exd5 g5 37. Kg2 Kf5 38. a4 h5 39. f4 g4 40.
b4 a5 41. bxa5 bxa5 42. Kf2 R8d7 43. Ke3 Rb7 44. R1d2 Rb3+ 45. Kf2 Rf3+ 46. Kg2
Rc3 47. Re2 Kf6 48. Re5 Rc2+ 49. Kf1 Rb6 50. Re2 Rc1+ 51. Kf2 Rd6 52. Re5 Rc2+
53. Ke3 Rc3+ 54. Rd3 Rc4 55. Rxh5 Rxa4 56. Rh6+ Ke7 57. Rxd6 Kxd6 58. f5 Rb4
59. f6 a4 60. Rd4 Rb3+ 61. Kf4 Rf3+ 62. Kg5 a3 63. Ra4 Ke5 64. Ra5 Rxg3 65. d6+
Ke6 66. Kf4 Rf3+ 67. Kxg4 Rxf6 1/2-1/2

[Event "Superettan(Rockaden,Sthlm II-Burgsvik)"]
[Site "?"]
[Date "2019.03.10"]
[Round "5"]
[White "Nikolic, Vladan"]
[Black "Andersson, Bjorn"]
[Result "1-0"]
[WhiteElo "2157"]
[BlackElo "2162"]
[PlyCount "57"]
1. Nf3 c5 2. c4 Nc6 3. Nc3 g6 4. g3 Bg7 5. Bg2 d6 6. O-O Be6 7. b3 Qc8 8. e3
Bh3 9. d4 cxd4 10. exd4 h5 11. Nd5 Bxg2 12. Kxg2 h4 13. Bb2 hxg3 14. fxg3 Qh3+
15. Kg1 O-O-O 16. Qe2 Nh6 17. Nf4 Qg4 18. d5 Bxb2 19. Qxb2 e5 20. dxe6 g5 21.
e7 Nxe7 22. Nd5 Nxd5 23. cxd5 Nf5 24. Rac1+ Kb8 25. Rc4 Qh3 26. Nxg5 Qh5 27.
Rxf5 Rdg8 28. Rh4 Qd1+ 29. Rf1 1-0

[Event "Superettan(Rockaden,Sthlm II-Upsala)"]
[Site "?"]
[Date "2019.03.09"]
[Round "6"]
[White "Johansson, Jan"]
[Black "Tuomainen, Felix"]
[Result "0-1"]
[WhiteElo "2344"]
[BlackElo "2194"]
[PlyCount "86"]
1. d4 d5 2. Nf3 Nf6 3. c4 e6 4. Nc3 Be7 5. Bg5 h6 6. Bxf6 Bxf6 7. Qd2 b6 8.
cxd5 exd5 9. g3 O-O 10. Bg2 Re8 11. O-O c6 12. Rfe1 Bf5 13. b4 Na6 14. Qb2 Qd6
15. b5 cxb5 16. Nxb5 Qe7 17. Qb3 Nb4 18. Rac1 Rac8 19. Nc3 Be4 20. Nxe4 dxe4
21. Ne5 Bxe5 22. dxe5 Nc6 23. e6 f5 24. Bh3 g6 25. Red1 Nd4 26. Qe3 Rxc1 27.
Rxc1 Nxe6 28. Qxh6 Qg5 29. Qxg5 Nxg5 30. Bf1 Ne6 31. f3 Nc5 32. Rd1 Kf7 33. h4
Ke7 34. Bh3 Rh8 35. Kg2 exf3+ 36. exf3 Ke6 37. Kf2 Ke5 38. Bf1 Ke6 39. Bc4+ Ke7
40. Ke3 Kf6 41. Rd6+ Kg7 42. Kf4 Rh6 43. Rc6 g5+ 0-1

[Event "Superettan(Vasteras II-Kristallen)"]
[Site "?"]
[Date "2019.03.09"]
[Round "6"]
[White "Lindh, Fredrik"]
[Black "Kretz, Johan"]
[Result "1-0"]
[WhiteElo "2244"]
[BlackElo "2207"]
[PlyCount "49"]
[EventDate "2019.??.??"]
1. e4 c5 2. Nf3 Nc6 3. d4 cxd4 4. Nxd4 Nf6 5. Nc3 e5 6. Ndb5 d6 7. Bg5 a6 8.
Na3 b5 9. Bxf6 gxf6 10. Nd5 f5 11. Bd3 Be6 12. O-O Bg7 13. Qh5 Bxd5 14. exd5 e4
15. dxc6 exd3 16. Rfe1+ Kf8 17. Rad1 b4 18. Nc4 dxc2 19. Rxd6 Qe7 20. Rxe7
c1=Q+ 21. Rd1 Qxc4 22. b3 Kxe7 23. Rd7+ Ke8 24. bxc4 Rf8 25. Qe2+ 1-0

[Event "Superettan(Rockaden,Sthlm II-Upsala)"]
[Site "?"]
[Date "2019.03.09"]
[Round "6"]
[White "Eriksson, Dan"]
[Black "Wagner, Stephan"]
[Result "1-0"]
[WhiteElo "2161"]
[BlackElo "2218"]
[PlyCount "51"]
1. e4 d5 2. exd5 Qxd5 3. Nc3 Qd6 4. d4 Nf6 5. Nf3 c6 6. Ne5 Nbd7 7. Nc4 Qc7 8.
Qf3 Nb6 9. Bf4 Qd8 10. Nxb6 Qxb6 11. d5 Bd7 12. Bc4 Rc8 13. O-O cxd5 14. Bxd5
Bc6 15. Qh3 Bd7 16. Qd3 e6 17. Bb3 Bb4 18. Be5 Bxc3 19. bxc3 Qa5 20. Rfe1 Rc5
21. Qd6 Qb6 22. Qd4 Nd5 23. Bxg7 Rg8 24. Bxd5 Rxd5 25. Qxd5 Rxg7 26. Qd4 1-0

[Event "Superettan(Vasteras II-Kristallen)"]
[Site "?"]
[Date "2019.03.09"]
[Round "6"]
[White "Carlsson, Ludvig"]
[Black "Subramanian, Aditya"]
[Result "1/2-1/2"]
[WhiteElo "2177"]
[BlackElo "2169"]
[PlyCount "94"]
[EventDate "2019.??.??"]
1. e4 e5 2. Nf3 Nc6 3. Nc3 Nf6 4. Be2 d5 5. exd5 Nxd5 6. O-O Nxc3 7. bxc3 Bd6
8. d4 O-O 9. Rb1 h6 10. Re1 Qf6 11. Bb2 Bf5 12. Ba1 Rab8 13. Bd3 Rfe8 14. d5
Ne7 15. c4 Ng6 16. Qd2 b6 17. Re2 Bg4 18. Be4 Nf4 19. Re3 Bxf3 20. Rxf3 Qg5 21.
Re3 Bc5 22. Kh1 Bxe3 23. fxe3 Ng6 24. Rf1 Ne7 25. d6 cxd6 26. Qxd6 Rbd8 27. Qc7
f5 28. Bb7 Qxe3 29. Bxe5 Qf2 30. Rg1 Qc5 31. Bd5+ Rxd5 32. cxd5 Qxc7 33. Bxc7
Nxd5 34. Bd6 Re2 35. g4 fxg4 36. Rxg4 Ne3 37. Rg1 g5 38. Bb8 a6 39. h4 g4 40.
h5 Kg7 41. Bf4 Kf6 42. Bxh6 Kf5 43. a4 Nd5 44. Rd1 Ke4 45. Rd2 Re1+ 46. Kg2 Nf6
47. Rd6 Kf5 1/2-1/2

[Event "Superettan(Rockaden,Sthlm II-Upsala)"]
[Site "?"]
[Date "2019.03.09"]
[Round "6"]
[White "Malm Lindberg, Henrik"]
[Black "Crevatin, Leo"]
[Result "0-1"]
[WhiteElo "2179"]
[BlackElo "2157"]
[PlyCount "60"]
1. e4 c5 2. Nf3 Nc6 3. d4 cxd4 4. Nxd4 Nf6 5. Nc3 e5 6. Ndb5 d6 7. Bg5 a6 8.
Na3 b5 9. Nd5 Be7 10. Bxf6 Bxf6 11. c3 Ne7 12. Nxf6+ gxf6 13. Nc2 Bb7 14. Bd3
d5 15. exd5 Qxd5 16. Ne3 Qe6 17. Qh5 O-O-O 18. Bc2 Kb8 19. Bb3 Qc6 20. Qxf7 Ng6
21. O-O Nf4 22. Rfd1 Nxg2 23. Bd5 Nxe3 24. Bxc6 Rdg8+ 25. Bg2 Rxg2+ 26. Kh1
Rxf2+ 27. Kg1 Rg2+ 28. Kh1 Rxb2+ 29. Kg1 Rg2+ 30. Kh1 Rg7+ 0-1

[Event "Superettan(Vasteras II-Kristallen)"]
[Site "?"]
[Date "2019.03.09"]
[Round "6"]
[White "Naslund, Mikael"]
[Black "Janse, Love"]
[Result "1/2-1/2"]
[WhiteElo "2188"]
[BlackElo "2187"]
[PlyCount "114"]
[EventDate "2019.??.??"]
1. d4 f5 2. g3 Nf6 3. Bg2 g6 4. Nf3 d6 5. O-O Bg7 6. Nc3 O-O 7. Qd3 c6 8. e4
fxe4 9. Nxe4 Nxe4 10. Qxe4 Bf5 11. Qe2 Nd7 12. Nh4 e5 13. Nxf5 Rxf5 14. Bh3 Rf8
15. dxe5 Nxe5 16. f4 Nf7 17. Be3 Qe7 18. c3 Nh6 19. Rfe1 Rae8 20. Qd2 Qc7 21.
Rad1 Rd8 22. Bf2 d5 23. Re2 Rfe8 24. Rde1 Rxe2 25. Qxe2 Nf5 26. Qe6+ Qf7 27.
Bxf5 gxf5 28. Qxf7+ Kxf7 29. Bxa7 Bf6 30. Bb6 Ra8 31. a3 Ra6 32. Bc7 d4 33. c4
Ra4 34. Be5 Rxc4 35. Bxf6 Kxf6 36. Re2 c5 37. Kf2 b5 38. Kf3 Rc1 39. h3 h5 40.
Re5 Rc2 41. g4 hxg4+ 42. hxg4 fxg4+ 43. Kxg4 d3 44. Kf3 b4 45. axb4 cxb4 46.
Rd5 Rxb2 47. Rxd3 b3 48. Rd6+ Kf5 49. Rd5+ Ke6 50. Rb5 Kd6 51. Ke3 Kc6 52. Rb8
Rh2 53. Kd4 b2 54. Kc3 Kd5 55. Rxb2 Rxb2 56. Kxb2 Ke4 57. Kc3 Kxf4 1/2-1/2

[Event "Superettan(Rockaden,Sthlm II-Upsala)"]
[Site "?"]
[Date "2019.03.09"]
[Round "6"]
[White "Nikolic, Vladan"]
[Black "Sittenfeld, Johan"]
[Result "1/2-1/2"]
[WhiteElo "2157"]
[BlackElo "2153"]
[PlyCount "58"]
1. d4 Nf6 2. c4 e6 3. Nf3 d5 4. g3 Bb4+ 5. Bd2 Be7 6. Bg2 O-O 7. O-O c6 8. Na3
Nbd7 9. Rc1 a6 10. Nb1 Ne4 11. Be1 Bd6 12. Nfd2 f5 13. Qb3 Kh8 14. Nc3 Qg5 15.
Rd1 Ndf6 16. f3 Nxc3 17. Qxc3 f4 18. g4 c5 19. h4 Qg6 20. dxc5 Bxc5+ 21. Kh1
Bd7 22. Bh3 Qf7 23. Qe5 Be3 24. g5 Nh5 25. Bg4 Rae8 26. Nb1 Ba7 27. cxd5 exd5
28. Qxd5 Qxd5 29. Rxd5 Bc6 1/2-1/2

[Event "Superettan(Rockaden,Sthlm II-Upsala)"]
[Site "?"]
[Date "2019.03.09"]
[Round "6"]
[White "Thornblad, Erik"]
[Black "Todorovic, Zoran"]
[Result "1-0"]
[WhiteElo "2076"]
[BlackElo "2072"]
[PlyCount "35"]
1. e4 c5 2. Nf3 d6 3. Bb5+ Bd7 4. Bxd7+ Qxd7 5. c4 Qg4 6. O-O Qxe4 7. d4 cxd4
8. Nxd4 e5 9. Re1 Qh4 10. Qf3 Qe7 11. Nc3 Nf6 12. Bg5 Qd7 13. Bxf6 gxf6 14. Nd5
Be7 15. Nf5 Bd8 16. c5 dxc5 17. Rad1 Qc8 18. Nd6+ 1-0

[Event "Superettan(Vasteras II-Kristallen)"]
[Site "?"]
[Date "2019.03.09"]
[Round "6"]
[White "Hansson, Fredrik"]
[Black "Emmoth, Alfons"]
[Result "1/2-1/2"]
[WhiteElo "2178"]
[BlackElo "2109"]
[PlyCount "151"]
[EventDate "2019.??.??"]
1. e4 e6 2. d4 d5 3. exd5 exd5 4. c4 Bb4+ 5. Nc3 Ne7 6. Nf3 O-O 7. Bd3 dxc4 8.
Bxc4 Bg4 9. O-O Nbc6 10. a3 Ba5 11. Be2 Bxf3 12. Bxf3 Qxd4 13. Qxd4 Nxd4 14.
Bxb7 Rab8 15. Ba6 Nb3 16. Rb1 Rb6 17. Bc4 Bxc3 18. bxc3 Nxc1 19. Rfxc1 Nf5 20.
Rb4 Nd6 21. Bd3 Rd8 22. Ra4 Nc8 23. Bf5 Ne7 24. Be4 Nc8 25. f3 g6 26. Ra5 Rd2
27. f4 Rbb2 28. Rd5 Nd6 29. Rxd2 Rxd2 30. Re1 Ra2 31. Bd5 Rxa3 32. c4 Kf8 33.
Kf2 Rc3 34. Ra1 Nxc4 35. Rxa7 Nb6 36. Bf3 Ke7 37. Ke2 Kd6 38. Kd2 Rc4 39. g3
Ra4 40. Rxa4 Nxa4 41. Kd3 f6 42. h4 h6 43. Bg2 Nc5+ 44. Kc4 g5 45. fxg5 fxg5
46. hxg5 hxg5 47. Kd4 c6 48. Bh3 Ne6+ 49. Ke4 Ng7 50. Bg4 c5 51. Bc8 Kc7 52.
Bg4 Kd6 53. Bc8 Nh5 54. Kf5 Nxg3+ 55. Kxg5 c4 56. Ba6 c3 57. Bd3 Ke5 58. Bb1
Nf1 59. Kg4 Kd4 60. Kf4 Kc4 61. Bh7 Kd4 62. Bg6 Ne3 63. Kf3 Nd5 64. Bh7 Nb4 65.
Ke2 Kc4 66. Bg8+ Kd4 67. Bh7 Nd5 68. Bb1 Nf4+ 69. Kd1 Kc4 70. Bh7 Kb3 71. Kc1
Ne2+ 72. Kb1 Nd4 73. Bg8+ Ka3 74. Bh7 c2+ 75. Bxc2 Nxc2 76. Kxc2 1/2-1/2

[Event "Superettan(Rockaden,Sthlm II-Upsala)"]
[Site "?"]
[Date "2019.03.09"]
[Round "6"]
[White "Alarik, Martin"]
[Black "Dolata, Henryk"]
[Result "1-0"]
[WhiteElo "2052"]
[BlackElo "2088"]
[PlyCount "47"]
1. d4 e6 2. Nf3 d5 3. c4 Nf6 4. g3 Be7 5. Bg2 O-O 6. O-O dxc4 7. Qc2 a6 8. a4
Bd7 9. Nbd2 c5 10. Nxc4 Nc6 11. dxc5 Bxc5 12. Nce5 Qb6 13. Bg5 Rfd8 14. Bxf6
gxf6 15. Nxf7 Kxf7 16. Qxh7+ Kf8 17. Nh4 Be8 18. Qh8+ Kf7 19. Bf3 Bf8 20. Rfd1
Ne5 21. Bh5+ Ke7 22. Qh7+ Bf7 23. Ng6+ Ke8 24. Nxe5 1-0

[Event "Superettan(Vasteras II-Kristallen)"]
[Site "?"]
[Date "2019.03.09"]
[Round "6"]
[White "Bjorkman, Filip"]
[Black "Persson, Andreas"]
[Result "1/2-1/2"]
[WhiteElo "1908"]
[BlackElo "2107"]
[PlyCount "94"]
[EventDate "2019.??.??"]
1. e4 e5 2. Nf3 Nc6 3. d4 exd4 4. Nxd4 Nf6 5. Nxc6 bxc6 6. e5 Qe7 7. Qe2 Nd5 8.
c4 Nb6 9. Nc3 Qe6 10. Qe4 g6 11. f4 Bg7 12. c5 Nd5 13. Bc4 Nxc3 14. bxc3 Qe7
15. Be3 O-O 16. Rd1 Re8 17. Qf3 Bb7 18. O-O Kh8 19. Bd4 Rad8 20. Rde1 d5 21.
Bd3 Bc8 22. f5 Qh4 23. g3 Qh3 24. fxg6 fxg6 25. Qf7 Bd7 26. e6 Bxd4+ 27. cxd4
Rxe6 28. Bf5 Qxf5 29. Rxf5 Rxe1+ 30. Kf2 Ree8 31. Rf4 Bf5 32. Qxc7 Rb8 33. g4
Rb2+ 34. Kg3 Be4 35. Rf2 Rxf2 36. Kxf2 Rf8+ 37. Kg3 Rf3+ 38. Kh4 h6 39. g5 h5
40. Qb8+ Kg7 41. Qxa7+ Kf8 42. Qb8+ Kf7 43. Qc7+ Kf8 44. Qd6+ Kf7 45. Qxc6 Rf4+
46. Kg3 Rf3+ 47. Kh4 Rf4+ 1/2-1/2

[Event "Superettan(Burgsvik-SodraSASS)"]
[Site "?"]
[Date "2019.03.09"]
[Round "6"]
[White "Furhoff, Johan"]
[Black "Krupenski, Juri"]
[Result "1/2-1/2"]
[WhiteElo "2337"]
[BlackElo "2418"]
[PlyCount "55"]
[SourceDate "2019.03.18"]
1. e4 g6 2. Nc3 Bg7 3. f4 c6 4. d4 d5 5. e5 Nh6 6. Be2 O-O 7. Be3 f6 8. Qd2 Nf5
9. Bf2 fxe5 10. dxe5 g5 11. g3 Qa5 12. Nf3 gxf4 13. gxf4 Bh6 14. Rg1+ Ng7 15.
Ng5 Bf5 16. e6 Bg6 17. Bd3 Nf5 18. Nf7 Rxf7 19. exf7+ Kxf7 20. O-O-O Nd7 21.
Qe2 Bxf4+ 22. Kb1 Nf6 23. Bxf5 Bxf5 24. Bd4 Bg6 25. Rdf1 Qc7 26. Qf2 Be5 27.
Ne2 Rg8 28. Ng3 1/2-1/2